| 000 | 00510nam a22001812 4500 | ||
|---|---|---|---|
| 001 | 0000008813 | ||
| 005 | 20151217161139.0 | ||
| 008 | 080609s xx 000 0 eng d | ||
| 020 |
_a1405838183 : _cKES 750 |
||
| 040 |
_aKABU _cKABU |
||
| 245 | 1 | 0 | _aLongman secondary atlas for East Africa. |
| 260 |
_aHarlow, England : _bPearson Education, _c2006. |
||
| 300 | _a168 p. | ||
| 650 | 0 |
_aAtlases. _@0000000131 |
|
| 908 | _a080609 | ||
| 950 | _@1 | ||
| 999 |
_c15060 _d15060 |
||